Organická chémia pre 2. ročník zdravotníckych škôl /

Hlavní autor: Čerňák, Jozef
Další autoři: Tölgyessy, Juraj, 1931-2014
Jazyk: Slovenština
Vydáno: Bratislava : Slovenské pedagogické nakladateľstvo, 1964
Vydání: 3. vyd.
Fyzický popis: 283 s.
Knihy
Uloženo v:
LEADER 00739nam a22002172a 4500
001 001407999
003 CZ BrMZK
005 20141021132600.0
007 ta
008 140730s1964 xo er|||||||||||slo d
040 |a BOA001  |b cze 
100 1 |a Čerňák, Jozef  |7 jn19981002663  |4 aut 
245 1 0 |a Organická chémia pre 2. ročník zdravotníckych škôl /  |c Jozef Čerňák, Juraj Tölgyessy 
250 |a 3. vyd. 
260 |a Bratislava :  |b Slovenské pedagogické nakladateľstvo,  |c 1964 
300 |a 283 s. 
700 1 |a Tölgyessy, Juraj,  |d 1931-2014  |7 jn19990008588  |4 aut 
910 |a BOA001  |b 2-0417.743-64 
990 |a BK 
991 |b 201407 
996 7 |b 2619123783  |c 2-0417.743-64  |l MZK  |r Sklad / do 24 hodin  |n 0  |w 001443024  |u 000010  |a 1  |e BOA001  |j MZK50  |s A